Olympique Marseille players (2000-2010) - Statistics

General Stats
  • This quiz has been taken 6 times
  • The average score is 56 of 166
Answer Stats
Rank Player Positions Nationality Matches Goals (assists) Period % Correct
23 Franck Ribéry LW 60 11 (15) 2005-2007
100%
2 Mamadou Niang ST 153 71 (28) 2005-2010
100%
20 Hatem Ben Arfa AM 62 9 (7) 2008-2010
80%
8 Mathieu Valbuena AM 105 12 (11) 2006-2010
80%
1 Taye Taiwo LB 161 13 (13) 2004-2010
80%
113 André Ayew ST 9 0 (0) 2007-2008
60%
31 Bakari Koné RW 55 13 (10) 2008-2010
60%
9 Benoît Cheyrou DM 101 10 (22) 2007-2010
60%
93 Bixente Lizarazu LB 14 0 (2) 2004-2005
60%
32 Boudewijn Zenden LW 54 6 (7) 2007-2009
60%
41 Brandão ST 46 15 (6) 2008-2010
60%
81 Bruno Cheyrou CM 19 1 (3) 2004-2005
60%
65 Camel Meriem AM 31 3 (3) 2003-2004
60%
24 Cédric Carrasso GK 59 0 (0) 2002-2003, 2005-2008
60%
22 Charles Kaboré DM 60 2 (3) 2007-2010
60%
16 Daniel Van Buyten CB 76 12 (1) 2001-2004
60%
57 Didier Drogba ST 35 19 (7) 2003-2004
60%
33 Djamel Belmadi RM 54 8 (1) 2000-2003
60%
27 Djibril Cissé ST 58 24 (7) 2006-2009
60%
61 Édouard Cissé DM 32 1 (0) 2009-2010
60%
18 Fabien Barthez GK 74 0 (0) 2003-2006
60%
86 Fabrice Fiorèse RW 18 2 (0) 2004-2005
60%
101 Fernando Morientes ST 12 1 (1) 2009-2010
60%
28 Frédéric Déhu CB 57 1 (2) 2004-2006
60%
69 Gabriel Heinze CB 27 4 (0) 2009-2010
60%
68 Gaël Givet CB 29 0 (0) 2007-2008
60%
82 George Weah ST 19 5 (2) 2000-2001
60%
3 Habib Beye RB 128 2 (4) 2003-2008
60%
13 Ibrahima Bakayoko ST 92 20 (3) 2000-2004
60%
115 Ibrahim Bá RM 9 0 (1) 2001-2002
60%
137 Jordan Ayew RW 4 1 (0) 2009-2010
60%
49 Julien Rodriguez CB 42 3 (1) 2006-2009
60%
37 Karim Ziani AM 49 4 (5) 2007-2009
60%
160 Khalifa Ba CB 1 0 (0) 2003-2004
60%
46 Koke ST 43 6 (2) 2003-2006
60%
4 Lorik Cana DM 122 6 (8) 2005-2009
60%
63 Lucho González CM 32 5 (12) 2009-2010
60%
94 Mathieu Flamini DM 14 0 (1) 2003-2004
60%
15 Modeste M'Bami DM 77 1 (3) 2006-2009
60%
52 Péguy Luyindula ST 37 10 (2) 2004-2006
60%
98 Philippe Christanval CB 13 0 (0) 2003-2004
60%
5 Samir Nasri AM 121 11 (22) 2004-2008
60%
54 Souleymane Diawara CB 37 4 (1) 2009-2010
60%
70 Stéphane Mbia DM 27 2 (1) 2009-2010
60%
7 Steve Mandanda GK 108 0 (0) 2007-2010
60%
34 Steve Marlet ST 54 16 (4) 2003-2005
60%
14 Vedran Runje GK 85 0 (0) 2001-2004
60%
67 William Gallas CB 30 2 (0) 2000-2001
60%
6 Abdoulaye Méïté CB 116 1 (1) 2000-2006
40%
112 Alain Cantareil LB 9 0 (0) 2005-2007
40%
142 Andrade GK 3 0 (0) 2009-2010
40%
91 André Luis CB 15 0 (0) 2005-2006
40%
74 André Luiz AM 22 2 (2) 2001-2002
40%
105 Andrés Mendoza ST 11 0 (0) 2005-2006
40%
155 Benjamin Gavanon CM 1 0 (0) 2000-2001
40%
64 Benoît Pedretti DM 31 3 (2) 2004-2005
40%
72 Bostjan Cesar CB 24 0 (0) 2005-2007
40%
12 Brahim Hemdani DM 95 2 (0) 2000-2005
40%
77 Christian Giménez ST 21 1 (0) 2005-2006
40%
123 Cyril Rool LB 6 0 (0) 2001-2002, 2009-2010
40%
25 Demetrius Ferreira RB 59 2 (2) 2003-2006
40%
62 Fabrice Abriel CM 32 1 (5) 2009-2010
40%
96 Florian Maurice ST 13 1 (0) 2000-2001
40%
44 Habib Bamogo CF 45 8 (2) 2004-2005, 2006-2007
40%
87 Jacques Abardonado CB 18 1 (0) 2000-2001
40%
159 Jean-Philippe Sabo LB 1 0 (0) 2007-2008
40%
111 Jérémy Gavanon GK 10 0 (0) 2003-2005
40%
55 Jérôme Leroy AM 36 5 (0) 2000-2002
40%
73 Joseph Yobo CB 23 0 (0) 2001-2002
40%
126 Juan Krupoviesa LB 6 0 (2) 2007-2008
40%
83 Kanga Akalé LW 19 1 (4) 2007-2008
40%
120 Karim Dahou AM 8 0 (0) 2000-2002
40%
117 Koji Nakata DM 9 0 (0) 2004-2006
40%
38 Laurent Batlles CM 49 11 (1) 2003-2006
40%
11 Laurent Bonnart RB 97 0 (8) 2007-2010
40%
138 Leyti N'Diaye CB 4 0 (0) 2004-2005, 2007-2008
40%
84 Mamadou Samassa ST 19 2 (2) 2008-2009
40%
161 Mame N'Diaye LB 1 0 (0) 2005-2006
40%
139 Matt Moussilou ST 4 0 (0) 2007-2008
40%
40 Mickaël Pagis CF 47 14 (7) 2005-2007
40%
76 Mido ST 22 7 (5) 2003-2004
40%
140 Pape M'Bow CB 4 0 (0) 2007-2008, 2009-2010
40%
43 Renato Civelli CB 46 6 (2) 2005-2007, 2008-2009
40%
19 Ronald Zubar CB 72 2 (4) 2006-2009
40%
53 Sabri Lamouchi CM 37 5 (5) 2005-2007
40%
103 Salim Arrache LW 12 0 (0) 2006-2008
40%
17 Salomon Olembé LM 75 1 (3) 2001-2007
40%
47 Sylvain N'Diaye DM 43 1 (1) 2003-2005
40%
99 Sylvain Wiltord CF 13 1 (1) 2008-2009
40%
145 Vincent Gragnic AM 3 0 (0) 2007-2008
40%
30 Wilson Oruma AM 56 3 (3) 2005-2008
40%
51 Zoumana Camara CB 42 1 (0) 2000-2002
40%
127 Ahmed Yahiaoui CM 5 0 (0) 2004-2005
20%
114 Cédric Mouret AM 9 0 (0) 2000-2001
20%
48 Cyril Chapuis ST 42 4 (0) 2001-2003
20%
106 Cyrille Pouget ST 11 0 (0) 2000-2001
20%
110 Damien Grégorini GK 10 0 (0) 2000-2002
20%
58 Delfim DM 33 1 (2) 2001-2003, 2005-2006
20%
59 Dmitriy Sychev ST 33 5 (0) 2002-2004
20%
66 Eduardo Costa DM 30 1 (0) 2004-2005
20%
75 Eduardo Tuzzio CB 22 0 (0) 2001-2003
20%
135 Elamine Erbate CB 4 0 (0) 2008-2009
20%
89 Elliot Grandin AM 16 2 (2) 2007-2009
20%
146 Fabien Camus AM 2 0 (0) 2003-2004
20%
26 Fabio Celestini DM 59 1 (2) 2002-2004
20%
21 Fernandão ST 61 5 (1) 2001-2004
20%
35 Frank Leboeuf CB 51 5 (1) 2001-2003
20%
78 Frédéric Brando CM 21 0 (0) 2000-2001
20%
119 Garry Bocaly RB 8 0 (0) 2005-2007, 2009-2010
20%
147 Guy Gnabouyou ST 2 0 (0) 2007-2009
20%
39 Hilton CB 48 2 (1) 2008-2010
20%
116 Jacques Faty CB 9 0 (0) 2007-2008
20%
129 Jérôme Bonnissel LB 5 0 (0) 2005-2006
20%
148 Jérôme Perez RB 2 0 (0) 2002-2003
20%
29 Johnny Ecker CB 57 0 (1) 2002-2005
20%
125 Jovan Stankovic LM 6 0 (0) 2000-2001
20%
130 Jurgen Cavens ST 5 1 (0) 2001-2002
20%
50 Lamine Sakho LW 42 10 (2) 2001-2004
20%
121 Lucas Bernardi CM 8 0 (0) 2000-2001
20%
10 Manuel dos Santos LB 98 1 (4) 2000-2004
20%
85 Marcelinho Paraíba AM 19 3 (0) 2000-2001
20%
162 Moustapha Papa Diop DM 1 0 (0) 2005-2006
20%
118 Pierre Issa CB 9 0 (0) 2000-2001
20%
56 Piotr Swierczewski DM 36 1 (1) 2001-2003
20%
80 Rudi Skacel LM 20 1 (0) 2003-2004
20%
164 Rudy Riou GK 1 0 (0) 2008-2009
20%
45 Sébastien Pérez RB 44 1 (0) 2000-2001, 2002-2004
20%
79 Stepan Vachousek LM 21 0 (1) 2003-2004
20%
71 Stéphane Trévisan GK 25 0 (0) 2000-2001
20%
133 Thomas Deruda CM 5 0 (0) 2005-2007
20%
36 Toifilou Maoulida ST 50 10 (5) 2005-2007
20%
141 Tyrone Mears RB 4 0 (0) 2008-2009
20%
109 Wilfried Dalmat RW 11 1 (0) 2001-2002
20%
92 Adriano Gabirú AM 14 3 (0) 2000-2001
0%
100 Alberto Rivera CM 12 2 (0) 2001-2002
0%
122 Alen Skoro ST 6 0 (0) 2000-2001
0%
153 Alexis Pradie CB 1 0 (0) 2005-2006
0%
104 Alfonso ST 11 4 (0) 2001-2002
0%
154 Anthony Flachi CM 1 0 (0) 2005-2006
0%
60 Bruno N'Gotty CB 32 0 (0) 2000-2002
0%
156 Daniel Montenegro AM 1 0 (0) 2000-2001
0%
95 David Sommeil CB 13 0 (0) 2003-2004
0%
128 Dill RW 5 0 (0) 2001-2002
0%
124 Dimas LB 6 0 (0) 2001-2002
0%
157 Djime Ngom ST 1 0 (0) 2005-2006
0%
134 Dramane Coulibaly ST 4 0 (0) 2000-2001
0%
90 Fabien Laurenti RB 16 0 (0) 2001-2004
0%
136 Fabrice Fernandes LW 4 0 (0) 2001-2002
0%
88 Franck Jurietti LB 17 0 (2) 2001-2002
0%
158 Guillaume Deschamps ST 1 0 (0) 2001-2002
0%
143 Jean-Christophe Marquet LB 3 0 (0) 2000-2001
0%
97 Klas Ingesson DM 13 0 (0) 2000-2001
0%
149 Laurent Merlin AM 2 0 (0) 2002-2004
0%
131 Michel Gafour MF 5 0 (0) 2002-2003
0%
144 Mickaël Marsiglia CM 3 0 (0) 2000-2001, 2002-2003
0%
150 Mohamed Dennoun AM 2 0 (0) 2005-2006, 2008-2009
0%
163 Pablo Calandria ST 1 0 (0) 2000-2001
0%
151 Papis M'Bodji ST 2 0 (0) 2002-2003
0%
42 Pascal Johansen CM 46 2 (3) 2002-2004
0%
107 Pascal Nouma ST 11 1 (1) 2001-2002
0%
102 Patrick Blondeau RB 12 0 (0) 2000-2001
0%
108 Philippe Brunel LM 11 0 (0) 2001-2002
0%
132 Rahmane Barry CF 5 0 (0) 2003-2006
0%
152 Stefano Torrisi CB 2 0 (0) 2001-2002
0%
165 Therry Racon DM 1 0 (0) 2003-2004
0%
166 Vincent Gastine DM 1 0 (0) 2005-2006
0%
No matching quizzes found
Score Distribution
Percent of People with Each Score
Percentile by Number Answered
Your Score History
You have not taken this quiz